Towards a Sustainable Future - Life Cycle Management : Challenges and Prospects /

This open access book includes a selection of contributions from the Life Cycle Management 2019 Conference (LCM) held in Poznań, Poland, and presents different examples of scientific and practical contributions, showing an incorporation of life cycle approach into the decision processes on strategic...

Full description

Bibliographic Details
Corporate Author: SpringerLink (Online service)
Other Authors: Klos, Zbigniew Stanislaw (Editor), Kalkowska, Joanna (Editor), Kasprzak, Jędrzej (Editor)
Format: eBook
Language:English
Published: Cham : Springer International Publishing : Imprint: Springer, 2022.
Edition:1st ed. 2022.
Subjects:
Online Access:Connect to the full text of this electronic book

MARC

Tag First Indicator Second Indicator Subfields
LEADER 00000nam a22000005i 4500
001 in00004406721
006 m o d
007 cr nn 008mamaa
008 211025s2022 sz | o |||| 0|eng d
005 20230829020337.7
020 |a 9783030771270 
024 7 |a 10.1007/978-3-030-77127-0  |2 doi 
035 |a (DE-He213)978-3-030-77127-0 
050 4 |a GE300-350 
072 7 |a RNF  |2 bicssc 
072 7 |a TEC010000  |2 bisacsh 
072 7 |a RNF  |2 thema 
082 0 4 |a 333.7  |2 23 
245 1 0 |a Towards a Sustainable Future - Life Cycle Management :  |b Challenges and Prospects /  |c edited by Zbigniew Stanislaw Klos, Joanna Kalkowska, Jędrzej Kasprzak. 
250 |a 1st ed. 2022. 
264 1 |a Cham :  |b Springer International Publishing :  |b Imprint: Springer,  |c 2022. 
300 |a 1 online resource (XXXII, 307 pages 122 illustrations, 33 illustrations in color.) 
336 |a text  |b txt  |2 rdacontent 
337 |a computer  |b c  |2 rdamedia 
338 |a online resource  |b cr  |2 rdacarrier 
347 |a text file  |b PDF  |2 rda 
505 0 |a Chapter 1. Sustainable products -- Chapter 2. Sustainable technologies -- Chapter 3. Sustainable organizations -- Chapter 4. Sustainable markets and policy -- Chapter 5. Sustainable methodological solutions. 
506 0 |a Open Access 
520 |a This open access book includes a selection of contributions from the Life Cycle Management 2019 Conference (LCM) held in Poznań, Poland, and presents different examples of scientific and practical contributions, showing an incorporation of life cycle approach into the decision processes on strategic and operational level. Special attention is drawn to applications of LCM to target, organize, analyze and manage product-related information and activities towards continuous improvement, along the different products life cycle. The selection of case studies presents LCM as a business management approach that can be used by all types of businesses and organizations in order to improve their sustainability performance. This book provides a cross-sectoral, current picture of LCM issues. The structure of the book is based on five-theme lines. The themes represent different objects that are focused on sustainability and LCM practices mainly related to: products, technologies, organizations, markets and policy issues as well as methodological solutions. The book brings together presentations from the world of science and the world of enterprises as well as institutions supporting economic development. 
650 0 |a Environmental management. 
650 0 |a Sustainable development. 
650 0 |a Industrial management-Environmental aspects. 
650 0 |a Environment. 
650 0 |a Environmental engineering. 
650 0 |a Biotechnology. 
650 1 4 |a Environmental Management.  |0 https://scigraph.springernature.com/ontologies/product-market-codes/U17009 
650 2 4 |a Sustainable Development.  |0 https://scigraph.springernature.com/ontologies/product-market-codes/U34000 
650 2 4 |a Corporate Environmental Management.  |0 https://scigraph.springernature.com/ontologies/product-market-codes/528000 
650 2 4 |a Environment, general.  |0 https://scigraph.springernature.com/ontologies/product-market-codes/U00009 
650 2 4 |a Environmental Engineering/Biotechnology.  |0 https://scigraph.springernature.com/ontologies/product-market-codes/U33000 
655 7 |a Electronic books.  |2 local 
700 1 |a Klos, Zbigniew Stanislaw.  |e editor.  |4 edt  |4 http://id.loc.gov/vocabulary/relators/edt 
700 1 |a Kalkowska, Joanna.  |e editor.  |4 edt  |4 http://id.loc.gov/vocabulary/relators/edt 
700 1 |a Kasprzak, Jędrzej.  |e editor.  |4 edt  |4 http://id.loc.gov/vocabulary/relators/edt 
710 2 |a SpringerLink (Online service) 
773 0 |t Springer Nature eBook 
776 0 8 |i Printed edition:  |z 9783030771263 
776 0 8 |i Printed edition:  |z 9783030771287 
776 0 8 |i Printed edition:  |z 9783030771294 
856 4 0 |u https://doi.org/10.1007/978-3-030-77127-0  |z Connect to the full text of this electronic book  |t 0 
950 |a Earth and Environmental Science (SpringerNature-11646) 
950 |a Earth and Environmental Science (R0) (SpringerNature-43711) 
955 |a Springer OA ebooks 
999 f f |s b0d62f27-aa06-3da3-a068-64e1bb40b9ac  |i fafd7495-3641-3587-9ec1-2053921ffa42  |t 0 
952 f f |a Texas A&M University  |b College Station  |c Electronic Resources  |d Available Online  |t 0  |e GE300-350  |h Library of Congress classification 
998 f f |a GE300-350  |t 0  |l Available Online